LIBRARY & INFORMATION CENTRE, KCAET, TAVANUR

ONLINE PUBLIC ACCESS CATALOGUE (OPAC)

Chemical, biochemical, and engineering thermodynamics / (Record no. 13899)

MARC details
000 -LEADER
fixed length control field 00727cam a2200217 a 4500
020 ## - INTERNATIONAL STANDARD BOOK NUMBER
ISBN 9780471661740 (cloth : acidfree paper)
020 ## - INTERNATIONAL STANDARD BOOK NUMBER
ISBN 0471661740 (cloth : acidfree paper)
082 00 - DEWEY DECIMAL CLASSIFICATION NUMBER
Classification number 541.369
Item number SAN/CH
100 1# - MAIN ENTRY--AUTHOR NAME
Personal name Sandler, Stanley I.,
245 10 - TITLE STATEMENT
Title Chemical, biochemical, and engineering thermodynamics /
250 ## - EDITION STATEMENT
Edition statement 4th ed.
260 ## - PUBLICATION, DISTRIBUTION, ETC. (IMPRINT)
Place of publication New Delhi :
Name of publisher Wiley India Pvt. Ltd,
Year of publication c2006.
300 ## - PHYSICAL DESCRIPTION
Number of Pages xiv, 945 p. :
Other physical details ill. ;
Accompanying material 1 CD-ROM (4 3/4 in.)
500 ## - GENERAL NOTE
General note Rev. ed. of: Chemical and engineering thermodynamics. 3rd ed. c1999.
500 ## - GENERAL NOTE
General note Includes index.
650 #0 - SUBJECT ADDED ENTRY--TOPICAL TERM
Topical Term Thermodynamics
650 #0 - SUBJECT ADDED ENTRY--TOPICAL TERM
Topical Term Chemical engineering
650 #0 - SUBJECT ADDED ENTRY--TOPICAL TERM
Topical Term Biochemical engineering
700 1# - ADDED ENTRY--PERSONAL NAME
Personal name Sandler, Stanley I.,
942 ## - ADDED ENTRY ELEMENTS (KOHA)
Koha item type Books
Holdings
Withdrawn status Lost status Damaged status Collection code Home library Current library Shelving location Date acquired Source of acquisition Full call number Accession Number Koha item type
      Non-fiction KAUAET KAUAET General Stacks 30/03/2013 Calicut Book Distributors 541.369 SAN/CH 23686 Books
free website counter